000 00287nam a2200121Ia 4500
008 190216s9999||||xx |||||||||||||| ||und||
100 _aJanardhanapillai
245 0 _aPredegree Mathematics
260 _bKerala University
_c1980
300 _a503p
650 _aMathematics
942 _cBK
999 _c30697
_d30697